[Event "Iberoamerican-ch 9th"]
[Site "Panama City"]
[Date "2023.11.30"]
[Round "7"]
[White "Barria, Blas"]
[Black "Maradiaga, Cesia"]
[Result "1/2-1/2"]
[WhiteElo "1780"]
[BlackElo "1480"]
[PlyCount "130"]
[EventDate "2023.11.25"]
[EventType "swiss"]
[EventRounds "9"]
[EventCountry "PAN"]
[SourceTitle "CB49_2023"]
[SourceDate "2023.12.06"]
[SourceVersion "1"]
[SourceVersionDate "2023.12.06"]
[SourceQuality "1"]

1. d4 d5 2. Nc3 e6 3. Bf4 Bd6 4. Bg3 Nf6 5. e3 Nbd7 6. Nf3 0-0 7. Ne5 c5 8. Nxf7 Rxf7 9. Bxd6 Qb6 10. dxc5 Nxc5 11. Bxc5 Qxc5 12. Be2 Qb4 13. a3 Qxb2 14. Na4 Qe5 15. 0-0 Ne4 16. f3 Nc3 17. Nxc3 Qxe3+ 18. Kh1 Qxc3 19. Bd3 b6 20. Qc1 Ba6 21. Qe3 Qf6 22. Rae1 Re7 23. f4 Rf8 24. Qh3 h6 25. Re5 Bc8 26. g4 g6 27. Qxh6 Rg7 28. g5 Qd8 29. Bxg6 Qd6 30. Bd3 d4 31. Kg1 Qxa3 32. Rxe6 Bxe6 33. Qxe6+ Rff7 34. Bc4 Qe3+ 35. Qxe3 dxe3 36. Rf3 e2 37. Kf2 Kf8 38. Bxf7 Kxf7 39. Kxe2 Rh7 40. h3 Kg6 41. Kf2 Rc7 42. c3 Rc4 43. Kg3 a5 44. Kg2 a4 45. h4 a3 46. h5+ Kg7 47. Rf2 Rxc3 48. Rd2 Rc7 49. Ra2 Ra7 50. f5 Ra4 51. Kf3 b5 52. f6+ Kf7 53. Rc2 a2 54. Rc7+ Ke6 55. Rc6+ Kd5 56. Rc1 a1Q 57. Rxa1 Rxa1 58. g6 Rf1+ 59. Kg4 Rg1+ 60. Kf5 Rf1+ 61. Kg5 Rg1+ 62. Kf5 Rf1+ 63. Kg5 Rg1+ 64. Kf5 Rf1+ 65. Kg5 Rg1+ 1/2-1/2

[Event "Olympiad Women-44"]
[Site "Chennai"]
[Date "2022.07.29"]
[Round "1.4"]
[White "Maradiaga, Cesia"]
[Black "Citra, Dewi Ardhiani Anast"]
[Result "0-1"]
[WhiteElo "1533"]
[BlackElo "2257"]
[PlyCount "54"]
[EventDate "2022.07.29"]
[EventType "team-swiss"]
[EventRounds "11"]
[EventCountry "IND"]
[SourceTitle "CBM 210"]
[Source "ChessBase"]
[SourceDate "2022.10.31"]
[SourceVersion "1"]
[SourceVersionDate "2022.10.31"]
[SourceQuality "1"]
[WhiteTeam "Honduras (W)"]
[BlackTeam "Indonesia (W)"]
[WhiteTeamCountry "HON"]
[BlackTeamCountry "INA"]

1. Nf3 d5 2. b3 Nc6 3. d4 Bg4 4. e3 e6 5. Be2 Nf6 6. 0-0 Bd6 7. Nbd2 Bxf3 8. Nxf3 Ne4 9. Bb2 Ne7 10. c4 c6 11. Rc1 0-0 12. Bd3 Ng6 13. Ne5 Nh4 14. Bxe4 dxe4 15. Qe2 Bxe5 16. dxe5 Qg5 17. f3 exf3 18. Rxf3 Nxf3+ 19. Qxf3 Rfd8 20. Rf1 Rd7 21. b4 Qe7 22. c5 Rd2 23. Rb1 Qg5 24. g3 Qg6 25. e4 Rad8 26. a3 h5 27. Rf1 Rxb2 0-1